Catálogo
 En Linea

Vida y obras de Ermilo Abreu Gómez. / (Registro nro. 5704)

Detalles MARC
000 -CABECERA
campo de control de longitud fija 00891cam a2200217 a 4500
001 - NÚMERO DE CONTROL
campo de control 000005908
005 - FECHA Y HORA DE LA ÚLTIMA TRANSACCIÓN
campo de control 20200929151832.0
008 - DATOS DE LONGITUD FIJA--INFORMACIÓN GENERAL
campo de control de longitud fija 751202s1971 mx b 000 0 spa
040 ## - FUENTE DE LA CATALOGACIÓN
Centro catalogador/agencia de origen DO-SdBNP
Lengua de catalogación spa
Centro/agencia transcriptor NIC
Centro/agencia modificador OCoLC
-- DLC
-- BNPHU
082 ## - NÚMERO DE LA CLASIFICACIÓN DECIMAL DEWEY
Número de clasificación 928.61
Número de documento/Ítem A162S
049 ## - FONDOS LOCALES (OCLC)
Fondos de biblioteca BNGR
100 1# - ENTRADA PRINCIPAL--NOMBRE DE PERSONA
Nombre de persona Silva de Rodríguez, Cecilia.
9 (RLIN) 16661
245 10 - MENCIÓN DE TÍTULO
Título Vida y obras de Ermilo Abreu Gómez. /
Mención de responsabilidad, etc. Cecilia Silva de Rodríguez.
260 ## - PUBLICACIÓN, DISTRIBUCIÓN, ETC.
Lugar de publicación, distribución, etc. México :
Nombre del editor, distribuidor, etc. Secretaria de Hacienda y Crédito Público,
Fecha de publicación, distribución, etc. 1971.
300 ## - DESCRIPCIÓN FÍSICA
Extensión 182 p. ;
Dimensiones 22 cm.
490 1# - MENCIÓN DE SERIE
Mención de serie Publicaciones del Boletín bibliográfico de la Secretaria de Hacienda y Crédito Público
504 ## - NOTA DE BIBLIOGRAFÍA, ETC.
Nota de bibliografía, etc. Bibliografía (p. 173-178)
600 14 - PUNTO DE ACCESO ADICIONAL DE MATERIA--NOMBRE DE PERSONA
Nombre de persona ABREU GÓMEZ, ERMILO,
Fechas asociadas al nombre 1894-1971
Subdivisión general BIOGRAFÍA
9 (RLIN) 16662
830 #0 - PUNTO DE ACCESO ADICIONAL DE SERIE-TÍTULO UNIFORME
Título uniforme Publicaciones del Boletín bibliográfico de la Secretaría de Hacienda y Crédito Público ;
9 (RLIN) 16663
910 ## - DATOS DE OPCIÓN DEL USUARIO (OCLC)
Datos de opción del usuario Catalogación por copia / LC
Existencias
Estado de retiro Estado de pérdida Restricciones de uso No para préstamo Código de colección Localización permanente Ubicación/localización actual Ubicación en estantería Fecha de adquisición Número de inventario Total de préstamos Signatura topográfica completa Código de barras Fecha visto por última vez Precio válido a partir de Tipo de ítem Koha
    Préstamo interno   Monografías: Libros y Folletos General General En catalogación 24.08.2009 LF1   928.61 A162S 5908-10 25.06.2020 25.06.2020 Préstamo interno

Con tecnología Koha